Nonlinear Poisson brackets : geometry and quantization /
Guardado en:
| Autor Principal: | |
|---|---|
| Otros Autores: | |
| Formato: | Libro |
| Idioma: | English Russian |
| Publicado: |
Providence, R.I. :
American Mathematical Society,
c1993.
|
| Series: | Translations of mathematical monographs ;
v. 119 |
| Materias: | |
| Etiquetas: |
Agregar Etiqueta
Sin Etiquetas, Sea el primero en etiquetar este registro!
|
| LEADER | 01477cam a2200313 a 4500 | ||
|---|---|---|---|
| 001 | MAT.inmabb003655 | ||
| 008 | 921204s1993####riua#####b####000#0#eng## | ||
| 005 | 20160802131922.0 | ||
| 245 | 1 | 0 | |a Nonlinear Poisson brackets : |b geometry and quantization / |c M. V. Karasev, V. P. Maslov. |
| 260 | |a Providence, R.I. : |b American Mathematical Society, |c c1993. | ||
| 300 | |a xi, 366 p. : |b il. ; |c 27 cm. | ||
| 440 | 0 | |a Translations of mathematical monographs ; |v v. 119 | |
| 500 | |a Traducción de la ed. original en ruso: Moscú : "Nauka", 1991. | ||
| 504 | |a Incluye referencias bibliográficas (p. 353-366). | ||
| 505 | 0 | |a 1. Poisson manifolds -- 2. Analog of the group operation for nonlinear Poisson brackets -- 3. Poisson brackets in $ mathbb R 2n$ and semiclassical approximation -- 4. Asymptotic quantization -- Appendix I. Formulas of noncommutative analysis -- Appendix II. Calculus of symbols and commutation relations. | |
| 510 | 4 | |a MR, |c 93a:58062 |3 (de la versión original) | |
| 020 | |a 0821845969 | ||
| 100 | 1 | |a Karasev, M. V. |q (Mikhail Vladimirovich) | |
| 240 | 1 | 0 | |a Nelineinye skobki Puassona. |l Inglés |
| 700 | 1 | |a Maslov, V. P. |q (Viktor Pavlovich) | |
| 650 | 0 | |a Hamiltonian systems. | |
| 650 | 0 | |a Poisson brackets. | |
| 650 | 0 | |a Poisson manifolds. | |
| 084 | |a 58F05 (58F06 58H05 81S10) |2 MR | ||
| 084 | |a 58-02 (53D50 81Q20 58Jxx 81S10) |2 ZMATH | ||
| 010 | |a 92042061 | ||
| 040 | |a DLC |c DLC |d DLC | ||
| 041 | 1 | |a eng |h rus | |
| 859 | |h 37 |i K18 |p A-7510 |b BIB. MATEMATICA | ||
